Travels in the regions of the upper and lower Amoor and the Russian acquisitions on the confines of India and China : (Record no. 328827)
[ view plain ]
| 000 -LEADER | |
|---|---|
| fixed length control field | 01384cam a2200349 a 4500 |
| 001 - CONTROL NUMBER | |
| control field | 110590 |
| 003 - CONTROL NUMBER IDENTIFIER | |
| control field | Nust |
| 005 - DATE AND TIME OF LATEST TRANSACTION | |
| control field | 20170417155336.0 |
| 008 - FIXED-LENGTH DATA ELEMENTS--GENERAL INFORMATION | |
| fixed length control field | 971009r19961860pk ab 001 0deng |
| 010 ## - LIBRARY OF CONGRESS CONTROL NUMBER | |
| LC control number | 96930455 |
| 020 ## - INTERNATIONAL STANDARD BOOK NUMBER | |
| International Standard Book Number | 9694022770 |
| 025 ## - OVERSEAS ACQUISITION NUMBER | |
| Overseas acquisition number | P-E-96930455; 07; 12 |
| 040 ## - CATALOGING SOURCE | |
| Original cataloging agency | DLC |
| Transcribing agency | DLC |
| Modifying agency | DLC |
| 042 ## - AUTHENTICATION CODE | |
| Authentication code | lcode |
| 043 ## - GEOGRAPHIC AREA CODE | |
| Geographic area code | ac----- |
| -- | e-urs-- |
| 050 00 - LIBRARY OF CONGRESS CALL NUMBER | |
| Classification number | DK755 |
| Item number | .A774 1996 |
| 082 00 - DEWEY DECIMAL CLASSIFICATION NUMBER | |
| Classification number | 915.804507 |
| Edition number | 21 |
| Author Mark | ATK |
| 100 1# - MAIN ENTRY--PERSONAL NAME | |
| Personal name | Atkinson, Thomas Witlam, |
| Dates associated with a name | 1799-1861. |
| 245 10 - TITLE STATEMENT | |
| Title | Travels in the regions of the upper and lower Amoor and the Russian acquisitions on the confines of India and China : |
| Remainder of title | with adventures among the mountain Kirghis... / |
| Statement of responsibility, etc. | Thomas Witlam Atkinson. |
| 260 ## - PUBLICATION, DISTRIBUTION, ETC. | |
| Place of publication, distribution, etc. | Lahore, Pakistan : |
| Name of publisher, distributor, etc. | Vanguard Books, |
| Date of publication, distribution, etc. | 1996. |
| 300 ## - PHYSICAL DESCRIPTION | |
| Extent | xiii, 570 p. : |
| Other physical details | ill., 1 map (folded) ; |
| Dimensions | 22 cm. |
| 500 ## - GENERAL NOTE | |
| General note | Originally published: London : Hurst and Blackett, 1860. |
| 500 ## - GENERAL NOTE | |
| General note | Includes index. |
| 600 10 - SUBJECT ADDED ENTRY--PERSONAL NAME | |
| Personal name | Atkinson, Thomas Witlam, |
| Dates associated with a name | 1799-1861. |
| 651 #0 - SUBJECT ADDED ENTRY--GEOGRAPHIC NAME | |
| Geographic name | Siberia (Russia) |
| General subdivision | Description and travel. |
| 651 #0 - SUBJECT ADDED ENTRY--GEOGRAPHIC NAME | |
| Geographic name | Amur River Valley (China and Russia) |
| General subdivision | Description and travel. |
| 651 #0 - SUBJECT ADDED ENTRY--GEOGRAPHIC NAME | |
| Geographic name | Asia, Central |
| General subdivision | Description and travel. |
| 906 ## - LOCAL DATA ELEMENT F, LDF (RLIN) | |
| a | 7 |
| b | cbc |
| c | origode |
| d | 3 |
| e | ncip |
| f | 19 |
| g | y-gencatlg |
| 942 ## - ADDED ENTRY ELEMENTS (KOHA) | |
| Source of classification or shelving scheme | |
| Koha item type | Book |
| Withdrawn status | Lost status | Source of classification or shelving scheme | Damaged status | Not for loan | Permanent Location | Current Location | Date acquired | Total Checkouts | Full call number | Barcode | Date last seen | Price effective from | Koha item type |
|---|---|---|---|---|---|---|---|---|---|---|---|---|---|
| School of Civil and Environmental Engineering (SCEE) | School of Civil and Environmental Engineering (SCEE) | 04/17/2017 | 915.804507 ATK | NIT-9060 | 04/17/2017 | 04/17/2017 | Book |
